Montgomery County mineral resources: Geology, (Record no. 27891)

MARC details
000 -LEADER
fixed length control field 01284cam a22003251 4500
001 - CONTROL NUMBER
control field gs 43000043
003 - CONTROL NUMBER IDENTIFIER
control field DLC
005 - DATE AND TIME OF LATEST TRANSACTION
control field 20260227111349.0
008 - FIXED-LENGTH DATA ELEMENTS--GENERAL INFORMATION
fixed length control field 781127s1943 msuab s001 0 eng
010 ## - LIBRARY OF CONGRESS CONTROL NUMBER
LC control number gs 43000043
035 ## - SYSTEM CONTROL NUMBER
System control number (OCoLC)4398622
040 ## - CATALOGING SOURCE
Original cataloging agency DLC
Transcribing agency MsSM
Modifying agency DLC
042 ## - AUTHENTICATION CODE
Authentication code premarc
050 00 - LIBRARY OF CONGRESS CALL NUMBER
Classification number QE129
Item number .A2 no. 51
051 ## - LIBRARY OF CONGRESS COPY, ISSUE, OFFPRINT STATEMENT
Classification number TN24.M7
Item number A5 1943
Copy information 2nd set
110 2# - MAIN ENTRY--CORPORATE NAME
Corporate name or jurisdiction name as entry element Mississippi Geological, Economic, and Topographical Survey
245 10 - TITLE STATEMENT
Title Montgomery County mineral resources: Geology,
Statement of responsibility, etc. by Richard Randall Priddy; Tests, by Thomas Edwin McCutcheon.
260 ## - PUBLICATION, DISTRIBUTION, ETC.
Place of publication, distribution, etc. University
Date of publication, distribution, etc. 1943.
300 ## - PHYSICAL DESCRIPTION
Extent 114 p.
Other physical details illus., fold. maps, tables.
Dimensions 23 cm.
490 1# - SERIES STATEMENT
Series statement Its Bulletin,
Volume/sequential designation no. 51
500 ## - GENERAL NOTE
General note At head of title: Mississippi. State Geological Survey.
500 ## - GENERAL NOTE
General note "Prepared in cooperation with the Montgomery County citizens and the WPA as a report on O.P. 65-1-62-137."
504 ## - BIBLIOGRAPHY, ETC. NOTE
Bibliography, etc. note "References": p. 79-80.
650 #0 - SUBJECT ADDED ENTRY--TOPICAL TERM
Topical term or geographic name entry element Geology
Geographic subdivision Mississippi
-- Montgomery County.
650 #0 - SUBJECT ADDED ENTRY--TOPICAL TERM
Topical term or geographic name entry element Mines and mineral resources
Geographic subdivision Mississippi
-- Montgomery County.
650 #0 - SUBJECT ADDED ENTRY--TOPICAL TERM
Topical term or geographic name entry element Clay
General subdivision Testing.
700 1# - ADDED ENTRY--PERSONAL NAME
Personal name Priddy, Richard Randall.
700 1# - ADDED ENTRY--PERSONAL NAME
Personal name McCutcheon, Thomas Edwin.
810 2# - SERIES ADDED ENTRY--CORPORATE NAME
Corporate name or jurisdiction name as entry element Mississippi Geological, Economic, and Topographical Survey.
Title of a work Bulletin,
Volume/sequential designation no. 51.

No items available.

Powered by Koha